Our Economic Problem (Record no. 10411)

MARC details
000 -LEADER
fixed length control field 00328nam a2200133Ia 4500
008 - FIXED-LENGTH DATA ELEMENTS--GENERAL INFORMATION
fixed length control field 211109s9999||||xx |||||||||||||| ||und||
082 ## - DEWEY DECIMAL CLASSIFICATION NUMBER
Classification number 330
Item number WAD-O
100 ## - MAIN ENTRY--PERSONAL NAME
Personal name Wadia, P A
245 #0 - TITLE STATEMENT
Title Our Economic Problem
260 ## - PUBLICATION, DISTRIBUTION, ETC.
Name of publisher, distributor, etc. New Book Comp
Place of publication, distribution, etc. Mombay
Date of publication, distribution, etc. 1943
300 ## - PHYSICAL DESCRIPTION
Extent 536p.
650 ## - SUBJECT ADDED ENTRY--TOPICAL TERM
Topical term or geographic name entry element Economics
942 ## - ADDED ENTRY ELEMENTS (KOHA)
Koha item type BOOK
650 ## - SUBJECT ADDED ENTRY--TOPICAL TERM
General subdivision Social Science
Holdings
Withdrawn status Lost status Damaged status Not for loan Home library Current library Date acquired Cost, normal purchase price Total Checkouts Full call number Barcode Shelving location Date last seen Price effective from Koha item type
        SB LIBRARY SB LIBRARY 09/11/2021 100.00   330 WAD-O 00010962 GENERAL STACK 09/11/2021 09/11/2021 BOOK

Powered by Koha